000 00723nam a2200217Ia 4500
003 CO-CtgCURN
005 20250408172318.0
008 190723s9999 xx 000 0 und d
020 _a8482723510
040 _aCO-CtgCURN
_bspa
_ccoctgcurn
082 _a346.02
_bC824c
100 _aCorrea Arango, Gabriel
245 0 _aEl contrato de corretaje en Colombia /
_cGabriel Correa Arango
260 _aBogotá, Colombia :
_bEditorial Temis,
_c1988
300 _a106 páginas ;
_c19 centímetros
521 _aAREA PROFESIONAL
590 _aPrograma de Derecho_18
650 _aDerecho mercantil
942 _cBK
_h346.02
_iC824c
_2ddc
_n0
999 _c29130
_d29130